NBA Playoff Appearances - Statistics

General Stats
  • This quiz has been taken 36 times
  • The average score is 13 of 30
Answer Stats
Answer % Correct
Boston Celtics
100%
Los Angeles Lakers
100%
Philadelphia 76ers
66%
San Antonio Spurs
53%
Atlanta Hawks
50%
Chicago Bulls
47%
Detroit Pistons
47%
Golden State Warriors
47%
Houston Rockets
44%
New York Knicks
44%
Dallas Mavericks
41%
Miami Heat
41%
Phoenix Suns
41%
Toronto Raptors
41%
Cleveland Cavaliers
38%
Orlando Magic
38%
Sacramento Kings
38%
Utah Jazz
38%
Brooklyn Nets
34%
Charlotte Hornets
34%
Milwaukee Bucks
34%
Minnesota Timberwolves
34%
New Orleans Pelicans
34%
Los Angeles Clippers
31%
Memphis Grizzlies
31%
Oklahoma City Thunder
31%
Portland Trail Blazers
31%
Washington Wizards
31%
Denver Nuggets
28%
Indiana Pacers
25%
No matching quizzes found
Score Distribution
Percent of People with Each Score
Percentile by Number Answered
Your Score History
You have not taken this quiz